Responses for show #6306 - Monday, February 6, 2012

2012 College Championship quarterfinal game 4.

Contestants

Marie McGraw, a senior at MIT from Cleveland, Ohio

Greer Mackebee, a senior at Duke University from Knoxville, Tennessee

Sarah Bauer, a junior at Indiana University from Carmel, Indiana

Jeopardy! Round responses

CALL THE POLICE
STRINGING ALONG
STATES BY ATTRACTIONS
RECENT MOVIES
BATTLE OF THE CENTURY
"CO____ED"
    $200 1
detention

Greer
    $200 21
cat's cradle

Sarah
    $200 16
Texas

Marie
    $200 26
Incredibly Close

Sarah
    $200 6
(Alex: [To Marie] No.)
[Man speaks indistinctly]
(Alex: Did she say 19th? Then I misheard. I thought you said "'90s".)

19th

Marie
    $200 11
coveted

Marie
    $400 2
fingerprints

Greer
    $400 22
the harp

Sarah
    $400 17
Georgia

Sarah
    $400 27
Sherlock Holmes

Sarah
    $400 7
21st

Marie
    $400 12
(Greer: What is concocted?)

conjured

GreerMarie
    $600 3
(Marie: What is a warrant?)
(Alex: Be more specific.)
(Marie: An arrest warrant?--)
(Alex: No.)
(Marie: --a search warrant?)

a search warrant

SarahMarie
    $600 23
a rosary

Sarah
    $600 18
Nevada

Sarah
    $600 28
War Horse

Greer
    $600 8
11th (1066)

Sarah
    $600 13
conjoined

Marie
    $800 4
facial recognition system

Greer
    $2,000 24
(Sarah: What is... string cheese?)

the yo-yo

Sarah
    $800 19
Pennsylvania

Greer
    $800 29
Meryl Streep

Marie
    $800 9
20th

Marie
    $800 14
corrupted

Marie
    $1000 5
a precinct

Marie
    $1000 25
Kevlar

Greer
    $1000 20
New York

Marie
    $1000 30
(Marie: Who is Hercules?)

Theseus

Marie
Triple Stumper
    $1000 10
18th

Marie
    $1000 15
cockeyed

Triple Stumper

Scores at the first commercial break (after clue 15):

Sarah Greer Marie
$1,200 $1,000 $4,800

Scores at the end of the Jeopardy! Round:

Sarah Greer Marie
$2,000 $3,400 $5,800

Double Jeopardy! Round responses

ASIAN LITERATURE
POP CULTURE
FAMOUS PAIRS
EPIC FAIL WORDS
IN A MUSICAL MOOD
AROUND THE WHIRLED
    $400 6
Iran

Marie
    $400 1
Steve Jobs

Sarah
    $400 8
the Wright Brothers

Marie
    $400 9
flop

Sarah
    $400 14
(Marie: What is a key?)
(Sarah: What is a key signature?)

clefs

SarahMarie
Triple Stumper
    $400 23
Argentina

Marie
    $800 7
Buddhism

Greer
    $800 2
Jessica Biel

Marie
    $800 18
(Sarah: Who are Zeus & Hera?)

Jupiter & Juno

SarahGreer
    $800 10
bomb

Sarah
    $1,500 15
Mozart

Marie
    $800 24
Copenhagen

Greer
    $1200 28
Armenia

Triple Stumper
    $1200 3
Beavis & Butt-head

Sarah
    $3,000 19
(Greer: Who are... Croyleus and Crysinna?)

Troilus & Cressida

Greer
    $1200 11
error

Marie
    $1200 16
the harpsichord

Sarah
    $1200 25
(Marie: What is Zimbabwe?)

the Zambezi

GreerMarie
    $1600 29
Changes

Triple Stumper
    $1600 4
Hank Williams, Jr.

Greer
    $1600 20
Barnum & Bailey

Sarah
    $1600 12
demote

Greer
    $1600 17
Yankee Doodle

Greer
    $1600 26
Transylvania

Greer
    $2000 30
Haruki Murakami

Triple Stumper
    $2000 5
Mila Kunis

Sarah
    $2000 21
Abercrombie & Fitch

Sarah
    $2000 13
flounder

Marie
    $2000 22
(Gustav) Holst

Marie
    $2000 27
the Dominican Republic

Sarah

Scores at the end of the Double Jeopardy! Round:

Sarah Greer Marie
$12,400 $10,400 $12,900

Final Jeopardy! Round responses

COLONIAL HISTORY
GreerWho are Mason and Dixon
$7,600
SarahWho are Lewis & Clarke
$3,600
MarieWho were Lewis & Clark
$2,000
Mason & Dixon

Final scores:

Sarah Greer Marie
$8,800 $18,000 $10,900
3rd place: $5,000 if eliminated Automatic semifinalist 2nd place: $5,000 if eliminated

Game dynamics:

Coryat scores:

Sarah Greer Marie
$14,400 $13,400 $12,200
18 R,
3 W
(including 1 DD)
14 R,
2 W
(including 1 DD)
20 R
(including 1 DD),
4 W

Combined Coryat: $40,000

The J! Archive is created by fans, for fans. The Jeopardy! game show and all elements thereof, including but not limited to copyright and trademark thereto, are the property of Jeopardy Productions, Inc. and are protected under law. This website is not affiliated with, sponsored by, or operated by Jeopardy Productions, Inc. Join the discussion at JBoard.tv.